000 00504nam a2200181Ia 4500
008 191130s2002##################000#0#eng##
020 _a9780316164924
040 _aACL
_cACL
082 _a332.6 FAB
100 _aFaber, David
245 _aFaber report : how wall street really works
_cDavid Faber
260 _aBoston, MA
_bLittle, brown and company
_c2002
300 _a292 p.; 24 cm
650 _aEconomics
990 _a584ea8adac10000c241195a7196248fd
991 _a173140
999 _c180748
_d180748